|
|
|
|
| LEADER |
00853cam a2200229 7i4500 |
| 001 |
0000068970 |
| 005 |
20220608090000.0 |
| 020 |
|
|
|a 9780674975224
|
| 090 |
0 |
0 |
|a K564.C6
|b P37 2020
|
| 100 |
1 |
|
|a Pasquale, Frank
|
| 245 |
1 |
0 |
|a New laws of robotics :
|b defending human expertise in the age of AI
|c Frank Pasquale.
|
| 264 |
|
|
|a Cambridge, Massachusetts:
|b The Belknap Press of Harvard University Press,
|c 2020.
|
| 300 |
|
|
|a 330 pages;
|c 22 cm.
|
| 336 |
|
|
|a text
|2 rdacontent
|
| 337 |
|
|
|a unmediated
|2 rdamedia
|
| 338 |
|
|
|a volume
|2 rdacarrier
|
| 650 |
|
0 |
|a Artificial intelligence --
|x Law and legislation
|
| 650 |
|
0 |
|a Robotics --
|x Law and legislation
|
| 650 |
|
0 |
|a Virtual humans (Artificial intelligence)
|
| 997 |
|
|
|a Selangor Business School
|
| 998 |
|
|
|a Business Administration, Master
|
| 999 |
|
|
|a SBS0001095
|b BOK
|c OPEN SHELF
|e 1st Floor, Bestari Jaya
|